[Event "GER-ch Youth U16 2020"]
[Site "Willingen"]
[Date "2020.10.24"]
[Round "7.12"]
[White "Simukov, Erik"]
[Black "Zackrisson, Peter"]
[Result "1/2-1/2"]
[WhiteElo "2012"]
[BlackElo "1947"]
[Annotator "TA"]
[PlyCount "80"]
[EventDate "2020.10.20"]
[EventType "swiss"]
[EventRounds "7"]
[EventCountry "GER"]
[SourceTitle "playchess.com"]
[Source "ChessBase"]
[SourceQuality "1"]

{[%evp 19,80,0,4,-38,-2,-11,-1,-39,-6,-6,-3,-13,-13,-61,-5,0,-6,-16,0,-20,0,-37,-1,-12,-12,-16,8,8,8,13,9,8,51,-4,0,-133,-121,-131,-129,-127,-145,-379,0,0,27,40,268,-286,-300,-314,-288,-295,-273,-447,0,0,0,0,0,0,0,0,0]} 1. e4 c5 2. Nf3 d6 3. d4 cxd4 4. Nxd4 Nf6 5. Nc3 a6 6. Be2 e5 7. Nb3 Be7 8. O-O O-O 9. Kh1 b6 10. Be3 Bb7 11. Nd5 {B92: Sicilian Najdorf: 6 Be2.} Nxd5 12. exd5 f5 {[#]} 13. f3 $146 ({Predecessor:} 13. f4 Nd7 14. c4 a5 15. Rc1 a4 16. Nd2 e4 17. Nb1 Bf6 18. Nc3 Nc5 19. Bxc5 bxc5 20. Nxa4 {0-1 (63) Kozomara,D (1748)-Azad,R (1974) St Georgen 2007}) 13... Bg5 14. f4 Bh6 15. Qd2 Nd7 16. fxe5 Bxe3 (16... f4 $15 17. Rxf4 (17. Bxf4 $2 Rxf4 18. Rxf4 dxe5 $19 {[%mdl 64] Pin}) 17... Bxf4 18. Bxf4 Nxe5) 17. Qxe3 $11 dxe5 18. Rad1 Rc8 19. c4 g6 20. Nc1 Re8 21. b3 Nf6 22. Nd3 f4 23. Qh3 Rc7 24. Bg4 Nxg4 25. Qxg4 g5 (25... Bc8 $5 {[%cal Rc8g4]} 26. Qe2 g5 $14) 26. Nf2 (26. Rfe1 $14 Bc8 27. Qf3) 26... e4 27. Nh3 (27. Rd4 $11 Bc8 28. Qh5) 27... Rg7 $17 28. Rde1 Bc8 29. Qh5 e3 30. g3 $2 (30. Ng1 $17) 30... Bf5 $2 {[#]} (30... Bxh3 $19 31. Qxh3 e2) 31. Nxf4 $1 $11 {[%mdl 576] Pin} Be4+ (31... Qd7 $5 32. Ne6 $8 Bxe6 33. dxe6 Rxe6 $11) (31... gxf4 32. Qxf5) 32. Ng2 Rf8 $2 (32... b5 $14) 33. Rxf8+ $4 {[%mdl 8192]} (33. Kg1 $18 {and life is good for White.}) 33... Qxf8 $19 34. Rg1 Rg6 {...Bxg2+ is the strong threat.} 35. Qe2 Qf2 36. Qg4 $2 {[#]} (36. Qxf2 exf2 37. Rf1) 36... Bf3 $2 (36... Bf5 37. Qd4 $14) (36... Bxg2+ $1 $19 37. Rxg2 Qf1+ 38. Rg1 e2) 37. Qc8+ $11 {[%mdl 64] Double Attack. The position is equal.} Kg7 {White must now prevent ...Rf6.} 38. Qd7+ Kh6 {Strongly threatening ...Rf6.} 39. Qh3+ Kg7 {( -> ...g4)} 40. Qd7+ Kh6 {Av CentiPawn Loss W=-46/B=-47. Weighted=-71/-90} 1/2-1/2